Collection of examination essays & writing : for high school collegec University = Tuyển tập các bài luận - viết trong các ký thi Anh văn
v...v
Đã lưu trong:
| Tác giả chính: | |
|---|---|
| Định dạng: | Sách |
| Năm xuất bản: |
Tp. HCM
Trẻ
1997
|
| Chủ đề: | |
| Tags: |
Thêm thẻ
Không có thẻ, Hãy là người đầu tiên gắn thẻ bản ghi này!
|
| LEADER | 00839nam a2200181 4500 | ||
|---|---|---|---|
| 999 | |c 4383 |d 4383 | ||
| 082 | |a 420 |b R100J | ||
| 100 | |a Rajamanikam, K | ||
| 245 | |a Collection of examination essays & writing : for high school collegec University = Tuyển tập các bài luận - viết trong các ký thi Anh văn |c Rajamanikam, K | ||
| 260 | |a Tp. HCM |c 1997 |b Trẻ | ||
| 300 | |c 21 cm |a 304 tr. | ||
| 520 | |a v...v | ||
| 653 | |a Ngôn ngữ | ||
| 653 | |a Tiếng Anh | ||
| 653 | |a Bài luận | ||
| 942 | |2 ddc |c STK0 | ||
| 952 | |0 0 |1 0 |2 ddc |4 0 |6 420_000000000000000_R100J |7 0 |8 400 |9 43447 |a qbu |b qbu |c D4 |d 2014-12-19 |g 60000 |o 420 R100J |p 2465.C1 |w 2014-12-19 |y STK0 |0 0 |6 420_000000000000000_R100J | ||
| 952 | |0 0 |1 0 |2 ddc |4 0 |6 420_000000000000000_R100J |7 0 |8 400 |9 43448 |a qbu |b qbu |c D4 |d 2014-12-19 |g 60000 |o 420 R100J |p 2465.C2 |w 2014-12-19 |y STK0 |0 0 |6 420_000000000000000_R100J | ||